| 000 | 00729ngm a22002770a 4500 | ||
|---|---|---|---|
| 001 | PT34357 | ||
| 003 | AR-LpoUNG | ||
| 005 | 20210201232315.0 | ||
| 007 | co ||u|||uuuuu | ||
| 008 | 191001s2007||||ag |||||||||||||||||spa d | ||
| 020 |
_a9789500428613 _c$11.25 |
||
| 040 |
_aAR-LpoUNG _bspa _cAR-LpoUNG _eaacr |
||
| 041 | _aspa | ||
| 044 | _aag | ||
| 082 | 0 | _a982.03 532pro | |
| 100 | 1 | _aChiaramonte, José Carlos | |
| 245 | 1 | 0 |
_aCiudades, provincias, estados : _borígenes de la Nación Argentina : 1800-1846 |
| 250 | _a1ra. ed. | ||
| 260 |
_aBuenos Aires : _bEmecé, _c2007. |
||
| 650 | 4 | _aANALISIS HISTORICO | |
| 650 | 4 | _aARGENTINA | |
| 650 | 4 | _aHISTORIA | |
| 651 | 4 | _aArgentina | |
| 905 | _a34357 | ||
| 942 | _cCDDVD | ||
| 999 |
_c53317 _d53317 |
||